Signal Processing for Intelligent Sensor Systems with MATLAB / (Record no. 16473)
[ view plain ]
| 000 -LEADER | |
|---|---|
| fixed length control field | 00981nam a22002537a 4500 |
| 005 - DATE AND TIME OF LATEST TRANSACTION | |
| control field | 20120216125028.0 |
| 008 - FIXED-LENGTH DATA ELEMENTS--GENERAL INFORMATION | |
| fixed length control field | 120216s2012 FLU|||||d|||| 001 0 eng d |
| 020 ## - INTERNATIONAL STANDARD BOOK NUMBER | |
| International Standard Book Number | 1420043048 |
| 020 ## - INTERNATIONAL STANDARD BOOK NUMBER | |
| International Standard Book Number | 9781420043044 |
| 082 ## - DEWEY DECIMAL CLASSIFICATION NUMBER | |
| Edition number | 22 |
| Classification number | 621.3822 |
| Item number | SWA |
| 100 ## - MAIN ENTRY--PERSONAL NAME | |
| 9 (RLIN) | 28944 |
| Personal name | Swanson, David C. |
| 245 ## - TITLE STATEMENT | |
| Title | Signal Processing for Intelligent Sensor Systems with MATLAB / |
| Statement of responsibility, etc | David C. Swanson |
| 250 ## - EDITION STATEMENT | |
| Edition statement | 2nd ed. |
| 260 ## - PUBLICATION, DISTRIBUTION, ETC. (IMPRINT) | |
| Place of publication, distribution, etc | Boca Raton, Fla. : |
| Name of publisher, distributor, etc | CRC, |
| Date of publication, distribution, etc | 2012 |
| 300 ## - PHYSICAL DESCRIPTION | |
| Extent | xvii, 665 p. : |
| Other physical details | ill. ; |
| Dimensions | 26 cm. |
| 504 ## - BIBLIOGRAPHY, ETC. NOTE | |
| Bibliography, etc | Includes bibliographical references and index. |
| 650 ## - SUBJECT ADDED ENTRY--TOPICAL TERM | |
| 9 (RLIN) | 23318 |
| Topical term or geographic name as entry element | Signal processing |
| General subdivision | Digital techniques. |
| 650 ## - SUBJECT ADDED ENTRY--TOPICAL TERM | |
| 9 (RLIN) | 19033 |
| Topical term or geographic name as entry element | Intelligent control systems |
| 650 ## - SUBJECT ADDED ENTRY--TOPICAL TERM | |
| 9 (RLIN) | 28048 |
| Topical term or geographic name as entry element | Detectors. |
| 650 ## - SUBJECT ADDED ENTRY--TOPICAL TERM | |
| 9 (RLIN) | 28945 |
| Topical term or geographic name as entry element | Adaptive signal processing |
| 653 ## - INDEX TERM--UNCONTROLLED | |
| Resource For college | |
| Arrived date list | February2012 |
| 942 ## - ADDED ENTRY ELEMENTS (KOHA) | |
| Source of classification or shelving scheme | Dewey Decimal Classification |
| Item type | Book - Borrowing |
| Withdrawn status | Item status | Source of classification or shelving scheme | Damaged status | Not for loan | Vendor | Home library | Current library | Shelving location | Date acquired | Source of acquisition | Cost, normal purchase price | Serial Enumeration / chronology | Total Checkouts | Full call number | Barcode | Date last seen | Koha item type |
|---|---|---|---|---|---|---|---|---|---|---|---|---|---|---|---|---|---|
| Dewey Decimal Classification | Alahram | Central Library | Central Library | First floor | 16/02/2012 | 498.00 | 681 | 621.3822 SWA | 000026125 | 15/07/2025 | Book - Borrowing |